| 000 | 00516nam a2200169 i 4500 | ||
|---|---|---|---|
| 001 | 21083 | ||
| 003 | ES-MaACL | ||
| 005 | 20230906152420.0 | ||
| 007 | t| | ||
| 008 | 021121s1973 sp ||||1| spa d | ||
| 245 | 0 | 0 |
_aAgenda de mi peregrinar / _cprólogo Sebastián Gaya. |
| 260 |
_a[Madrid] : _bSecretariado Nacional de Cursillos de Cristiandad, _c[1973] |
||
| 300 |
_a191 p. ; _c16 cm. |
||
| 700 | 1 |
_aGaya, Sebastián. _956126 |
|
| 710 | 2 |
_aCursillos de Cristiandad. _93358 |
|
| 852 |
_aES-MaACL _jC-55392 _bR.87795 |
||
| 999 |
_c21083 _d21083 |
||